| 000 | 00559nam a2200205Ia 4500 | ||
|---|---|---|---|
| 008 | 240510s9999 xx 000 0 und d | ||
| 020 | _a9788120334687 | ||
| 041 | _aEng | ||
| 082 | _a658.4038 | ||
| 082 | _bL18 | ||
| 100 | _aLAUDON K.C.& LAUDON J.P. | ||
| 245 | 0 | _aMANAGEMENT INFORMATION SYSTEMS: Managing the Digital Firm | |
| 250 | _a10th ed. | ||
| 260 | _bIIndia : Prentice Hall | ||
| 260 | _c2007 | ||
| 300 | _a640 p. | ||
| 650 | _aMANAGEMENT : MIS : MANAGEMENT INFORMATION SYSTEMS : INFORMATION MANAGEMENT | ||
| 942 | _2ddc | ||
| 942 | _cLBK | ||
| 999 |
_c28210 _d28210 |
||
| 945 |
_a1 _bMadushi Gamage _c1 _dMadushi Gamage |
||